000 00537nam a2200205Ia 4500
005 20250508160420.0
008 008 250505s9999 xx 000 0 eng d
037 _aTextual
040 _aFEDL
_beng
_cFEDL
041 _aeng
_2eng
084 _a150, SCH
_qFEDL
100 _aSchultz Duane P
245 0 _aHistory of modern psychology
260 _aNew York, USA
_bAcademic Press
_c1969
300 _axvii,346p.
365 _aINR
_b54
650 _aPsychology
942 _cTEXL
_h150, SCH
999 _c1364474
_d1364474